000 00548nam a22001937a 4500
003 MPLRDC
005 20220104202141.0
008 210129b ||||| |||| 00| 0 eng d
020 _a978-986-9318-10-5
082 _a411.3 QTLS
100 _a齐藤粮三 RYOZO SAITO
245 _a大口吃肉,一周瘦5公斤的生酮饮食
_c刘格安 译
250 _a初版一刷
260 _a台湾
_b采实文化事业有限公司
_c2016
300 _b
520 _a上架 2017-11-01。
650 _a营养与食品
942 _cBK
_o411.3 QTLS
999 _c67508
_d67498